|
|
|
|
| LEADER |
01123nam a22002531 4500 |
| 001 |
c000055156 |
| 003 |
CARM |
| 005 |
00000000000000.0 |
| 008 |
s1962 sz 0 eng d |
| 019 |
1 |
|
|a 4121220
|5 LACONCORD2021
|
| 035 |
|
|
|a (OCoLC)242929
|5 LACONCORD2021
|
| 111 |
2 |
0 |
|a International Conference on Public Education
|d (25th)
|
| 245 |
1 |
0 |
|a Educational planning /
|c research in comparative education.
|
| 260 |
|
|
|a Geneva :
|b Inter. Conf. on Pub. Educ.,
|c 1962.
|
| 490 |
1 |
|
|a Publication, no. / (International Bureau of Education, Geneva
|
| 650 |
|
0 |
|a Comparative education.
|
| 650 |
|
0 |
|a Educational planning.
|
| 830 |
|
0 |
|a Publication, no (International Bureau of Education, Geneva).
|
| 852 |
8 |
|
|b CARM
|h AX:AXXXXX
|i X00000
|p 0181722
|z no loc
|f BK
|
| 852 |
8 |
|
|b CARM
|h A1:AL16F0
|i B09986
|p 0453436
|f BK
|
| 082 |
0 |
4 |
|a 379.15
|
| 999 |
f |
f |
|i a78198ce-335b-556a-af8e-d375cbf010fd
|s b7e527fc-0324-5fce-be41-404acb2e58b2
|
| 952 |
f |
f |
|p Can circulate
|a CAVAL
|b CAVAL
|c CAVAL
|d CARM 1 Store
|e B09986
|f A1:AL16F0
|h Other scheme
|i book
|m 0453436
|
| 952 |
f |
f |
|p Can circulate
|a CAVAL
|b CAVAL
|c CAVAL
|d CARM 1 Store
|e X00000
|f AX:AXXXXX
|h Other scheme
|i book
|m 0181722
|